Quiz acteurs Bollywood #1 - Statistiques

Statistiques générales
  • Ce quiz a été pris 111 fois
  • Le résultat moyen est 10 sur 16
Statistiques - réponses
Par images Réponse % Correct
Deepika Padukone
85%
Priyanka Chopra
82%
Alia Bhatt
77%
Shah Rukh Khan
77%
Kajol
76%
Kareena Kapoor
73%
Aishwarya Rai
65%
Aamir Khan
61%
Ranbir Kapoor
60%
Ranveer Singh
53%
Rani Mukherjee
52%
Amitabh Bachchan
51%
Ajay Devgan
49%
Preity Zinta
46%
Juhi Chawla
38%
Jaya
35%
Aucun quiz correspondant
Distribution des résultats
% des personnes avec chaque résultat
Percentile par nombre de réponses
Votre historique - résultats
Vous n’avez pas pris ce quiz